01411nam a2200337 a 4500001001200000003000800012006001900020007001500039008004100054020001800095020002700113020002700140040002100167035002100188043001200209050002400221082001900245245015700264250001200421260003600433300003500469500002000504533015200524588009500676650006700771650004600838655002900884710001700913856012600930999001701056ebr10722574CaPaEBRm o u cr cn|||||||||150303s2013 nju s 001 0 eng d z9781118555859 z9781118721810 (e-book) z9781118721865 (e-book) aCaPaEBRcCaPaEBR a(OCoLC)851154786 an-us---14aKF6235b.W55 2013eb04a343.73/03422300aWiley federal government auditingh[electronic resource] :blaws, regulations, standards, practices, & Sarbanes-Oxley /cEdward f. Kearney ... [et al.]. a2nd ed. aHoboken, N.J. :bWiley,cc2013. a1 online resource (ix, 420 p.) aIncludes index. aElectronic reproduction.bPalo Alto, Calif. :cebrary,d2015.nAvailable via World Wide Web.nAccess may be limited to ebrary affiliated libraries. aDescription based on online resource; title from title page (ebrary, viewed July 8, 2013). 0aFinance, PublicxAuditingxLaw and legislationzUnited States. 0aFinance, PubliczUnited StatesxAuditing. 7aElectronic books.2local2 aebrary, Inc.40uhttp://site.ebrary.com/lib/rucke/Doc?id=10722574zAn electronic book accessible through the World Wide Web; click to view c39421d39421